Homosexuality ; cross cultural approach
Αποθηκεύτηκε σε:
| Κύριος συγγραφέας: | |
|---|---|
| Μορφή: | Βιβλίο |
| Γλώσσα: | English |
| Δημοσίευση: |
New York :
Julian Press,
c1956
|
| Θέματα: | |
| Ετικέτες: |
Προσθήκη ετικέτας
Δεν υπάρχουν, Καταχωρήστε ετικέτα πρώτοι!
|
MARC
| LEADER | 00000cam a2200000 i 4500 | ||
|---|---|---|---|
| 001 | 1/2358 | ||
| 008 | 000428s1956 eng d | ||
| 035 | |l 10060386 | ||
| 040 | |a GR-MY-UA |b gre |e aacr | ||
| 041 | 0 | |a eng | |
| 082 | 0 | |a 306.766 | |
| 100 | 1 | |a Cory, Donald Webster. | |
| 245 | 1 | 0 | |a Homosexuality ; cross cultural approach / |c Donald Webster Cory |
| 260 | |a New York : |b Julian Press, |c c1956 | ||
| 300 | |a viii, 440 p.; |c 22 cm. | ||
| 504 | |a Includes bibliographical references (p. 128-136) | ||
| 650 | 0 | 0 | |a Homosexuality |x History. |
| 650 | 0 | 0 | |a Homosexuality in literature. |
| 852 | |a INST |b LESVOS |e 20000428 |h 306.766 COR |p 005100021098 |q 005100021098 |t BK |y 0 | ||
| 901 | |a BIBL1-2000-2 | ||
| 909 | |a Λ |b 035000 | ||
| 970 | |z 2000/04/ΜΙΧΑΗΛΙΔΟΥ ΑΝΝΑ | ||